Normal view
MARC view
Entry Topical Term
001 - CONTROL NUMBER
- control field: 55077
003 - CONTROL NUMBER IDENTIFIER
- control field: OSt
005 - DATE AND TIME OF LATEST TRANSACTION
- control field: 20241028100717.0
008 - FIXED-LENGTH DATA ELEMENTS
- fixed length control field: 241028|| aca||aabn | a|a d
040 ## - CATALOGING SOURCE
- Original cataloging agency: OSt
- Transcribing agency: OSt
150 ## - HEADING--TOPICAL TERM
- Topical term or geographic name entry element: ပိဋကတ်ကျောက်စာတိုက်
- Form subdivision: သမိုင်း
670 ## - SOURCE DATA FOUND
- Source citation: Work cat.: (OSt)16844: ဟင်္သာတမြို့ မဟာအတုလသကျရံသီ ဆယ်ထပ်ကြီးရုပ်ရှင်တော်မြတ် ကျောက်စာတော်နှင့်ပိဋကတ် ကျောက်စာတိုက်သမိုင်းသိမှတ်ဖွယ်ရာအဖြာဖြာ ။ , [ခုနှစ်မပါ]။